Statistics for Chinese Zodiac Quiz

Click here to take the quiz!

General Stats

  • This quiz has been taken 63,516 times
  • The average score is 9 of 12

Answer Stats

Animal % Correct
Dragon
89%
Rat
87%
Dog
86%
Snake
81%
Pig
80%
Tiger
77%
Horse
77%
Goat
72%
Monkey
71%
Rooster
71%
Rabbit
64%
Ox
61%

Score Distribution

Percentile by Number Answered

Percent of People with Each Score

Your Score History

You have not taken this quiz